| 000 | 00992nam a2200373 a 4500 | ||
|---|---|---|---|
| 003 | AR-BaBNM | ||
| 005 | 20251128204757.0 | ||
| 008 | 082120s2002 ||||||||||||||000 | spa|| | ||
| 020 | _a950-9252-00-7 | ||
| 040 | _cAR-BaBNM | ||
| 100 | 1 | _aGusinde, Martín | |
| 245 | 0 | 0 |
_aLos indios de Tierra del Fuego _blos selk'nam. 2 |
| 250 | _a1ª ed. | ||
| 260 |
_aBuenos Aires _bCentro Argentino de Etnología Americana _c1990 |
||
| 300 |
_ap. 458-1139 _bil., mapas |
||
| 504 | _aBibliografía: p. 1131-1139 | ||
| 650 | 4 | _aHISTORIA ARGENTINA | |
| 650 | 4 | _aABORIGENES ARGENTINOS | |
| 650 | 4 | _aHISTORIA PROVINCIAL ARGENTINA | |
| 650 | 4 | _aHISTORIA FUEGUINA | |
| 650 | 4 | _aSELK'NAM | |
| 650 | 4 | _aMITOLOGIA | |
| 650 | 4 | _aCOSTUMBRES Y TRADICIONES | |
| 650 | 4 | _aRITUALES | |
| 650 | 4 | _aCEREMONIAS | |
| 650 | 4 | _aSUPERSTICION | |
| 650 | 4 | _aCREENCIA | |
| 650 | 4 | _aLEYENDAS | |
| 650 | 4 | _aRELIGION | |
| 650 | 4 | _aANTROPOLOGIA | |
| 650 | 4 | _aETNOLOGIA | |
| 942 | _cBK | ||
| 998 | _cEnrique | ||
| 999 |
_c8779 _d8779 |
||